Sài Gòn Chợ Lớn Qua những tư liệu quý trước 1945

Trong lịch sử hình thành và phát triển vùng đất Nam bộ, Sài Gòn - Thành phố Hồ Chí Minh không những là trung tâm về địa lý với vị trí tiếp giáp giữa hai khu vực Đông Nam bộ và Tây Nam bộ mà còn là một đô thị trung tâm trong các mối quan hẹ...

Cur síos iomlán

Đã lưu trong:
Sonraí Bibleagrafaíochta
Príomhúdar: Nguyễn Đức Hiệp
Formáid: Leabhar
Teanga:Vietnamese
Foilsithe: TP. Hồ Chí Minh Văn hóa - Văn nghệ 2018
Eagrán:Tái bản lần thứ 1
Ábhair:
Clibeanna: Cuir Clib Leis
Gan Chlibeanna, Bí ar an gcéad duine leis an taifead seo a chlibeáil!
Thư viện lưu trữ: Thư viện Trường Đại học Nam Cần Thơ
LEADER 01315nam a22002057a 4500
001 NCT_4_007376
008 240507b xxu||||| |||| 00| 0 vie d
999 |c 8273  |d 8273 
020 |a 9786046849568  |c 140000 
082 0 4 |2 23rd ed.  |a 959.779  |b H307 
100 1 |a Nguyễn Đức Hiệp 
245 1 0 |a Sài Gòn Chợ Lớn  |b Qua những tư liệu quý trước 1945  |c Nguyễn Đức Hiệp 
250 |a Tái bản lần thứ 1 
260 |a TP. Hồ Chí Minh  |b Văn hóa - Văn nghệ  |c 2018 
300 |a 321tr.  |b minh họa  |c 24 cm 
520 3 |a Trong lịch sử hình thành và phát triển vùng đất Nam bộ, Sài Gòn - Thành phố Hồ Chí Minh không những là trung tâm về địa lý với vị trí tiếp giáp giữa hai khu vực Đông Nam bộ và Tây Nam bộ mà còn là một đô thị trung tâm trong các mối quan hệ kinh tế, văn hóa ở phía Nam và cả nước. 
653 |a Quản trị Dịch vụ Du lịch và Lữ hành 
942 |2 ddc  |c BK 
952 |0 0  |1 0  |2 ddc  |4 0  |6 959_779000000000000_H307  |7 0  |9 28846  |a 000001  |b 000001  |d 2024-05-07  |o 959.779 H307  |p MD.22369  |r 2024-05-07  |v 140000.00  |w 2024-05-07  |y BK 
980 |a Thư viện Trường Đại học Nam Cần Thơ